000
00233nam a2200097Ia 4500
008
230915s9999 xx 000 0 und d
050
_a
KD 1554 .B87 2013
100
_a
BURROWS ANDREW
245
2
_a
A CASEBOOK ON CONTRACT
942
_c
BK
999
_c
162577
_d
162577